00714 2200229 4500001002100000008004100021035002000062245014900082100001700231260004400248300003100292020002200323084001600345520001300361520002600374520001400400082001000414650002400424990001200448990001200460990001200472INLIS000000000015895 Ind  a0010-0323000343 aThe WinnerbLangkah Pasti Menuju Sukses Buku Pintar dan Paham Fisika SMA/MA Siap Menghadapi UN & SBMPTNcSaiful Anam; editor, Yanuarita Fitriani aSAIFUL, Anam aJakarta :bElex Media Komputindo,c2019 avi, 587 hal.: Ilus.c26 cm a978-623-00-0920-4 a153.9 SAI w aLampiran aBibliografi : hal.575 aGlosarium a153.9 aINTELIGENSI MANUSIA a10747 a a10747 b a10747 c